00689 2200253 4500001002100000005001700021008004100038020001800079035002400097041000800121043001200129082001200141090002300153100002500176245006900201250001800270260003500288300003100323504001700354505001100371650002000382850001200402999002100414YOGYA-0511000000135520110523200524.0 ind  a979-9398-18-5 0010-051100000001354 aInd aYOPDYOG a005.117 aDEP 005.117bHad A aHADI SUTOPO, Ariesto aAnalisis dan desain berorientasi objekboleh Ariesto Hadi Sutopo aEd. 1bCet. 1 aYogyakartabJ&J Learningc2002 axiii, 259 hlmbilusc23 cm aHlm. 239-240 aindeks aPerangkat lunak aYOPDYOG aCB-D.11 2002-509